000 01030nam a22003377a 4500
003 CHAP
005 20220817042129.0
008 971013s1985 r 00010 d
010 _a35593
011 _a36565
035 _a40684
040 _cCHAP
082 _a639.303
_bF3
110 _aFAO
245 _aAtlas de las pesquerias del Mediterráneo occidental y central
260 _aRoma :
_bFAO,
_c1985
300 _a10 p.
_b: mapas
590 _aBATCH-UPD
_b10
_c20130110
_lUCH01
_h0044
590 _aBATCH-UPD
_b10
_c20130110
_lUCH01
_h1705
590 _aBATCH-UPD
_b10
_c20130409
_lUCH01
_h2030
590 _aBATCH-UPD
_b10
_c20130410
_lUCH01
_h1052
590 _aBATCH-UPD
_b10
_c20130914
_lUCH01
_h0919
590 _aCONVERSION
_b10
_c20130109
_lUCH01
_h1320
650 1 4 _aPesquería
_zRegión Mediterránea.
_987523
650 1 4 _aRecursos marinos.
700 0 _aCharbonnier, D.
_921951
700 0 _aGarcía, S.
_946812
901 _aBK
942 _cLIBRO
949 _a639.303 F3
_bBC
_cFAO
_d-92946
_eFAO1
_h68388
_i40684
_mD
_si
999 _c35593
_d35593